000 00277nam a2200121Ia 4500
008 190216s9999||||xx |||||||||||||| ||und||
100 _aThornley G C
245 2 _aA Number Of The Things
260 _bLongmans
_c1965
300 _a74p
650 _aEnglish Poetry
942 _cBK
999 _c11739
_d11739